Countries that Japan has declared war on - Statistics

General Stats
  • This quiz has been taken 253 times
  • The average score is 9 of 10
Answer Stats
Hint Answer % Correct
C China
99%
U United Kingdom
96%
U United States
96%
R Russia
95%
F France
91%
G Germany
84%
K Korea
84%
V Vietnam
79%
A Austria-Hungary
65%
N Netherlands
63%
No matching quizzes found
Score Distribution
Percent of People with Each Score
Percentile by Number Answered
Your Score History
You have not taken this quiz